Ведомость о числе учебных заведений по Иркутской дирекции

Доступно только в Электронных читальных залах Найти на картеНа карте
RUSMARC
00004008nmc2a22002653x 450
001c33740f5-6cce-4737-b413-40d0ccb9b31b
00520220630174245.0
100##$a20220215l18601860k l0rusy0189 ca
1010#$arus
102##$aRU
105##$ay###
1222#$ad
2001#$aВедомость о числе учебных заведений по Иркутской дирекции
$j1860 г.
215##$a55 л.
$d36,5х26 см
251##$cДело
300##$aОтчеты по управлению учебными заведениями Восточной Сибири
300##$aОриг. заголовок дела: Отчет Дирекции училищ Иркутской губернии за 1860 год. 1860 г
371##$aДокумент не является опубликованным и широко распространяемым
461#0$1001a74412a3-3cc5-4d21-8f0a-dfe2fbd9e72d
$12001
$aДепартамент народного просвещения Министерства народного просвещения (1803-1917)
$1251
$cФонд
$1852
$j733
462#0$1001806be975-d691-4c06-b662-6ab985ccae05
$12001
$aОтчеты научных учреждений и учебных заведений Департамента народного просвещения
$1251
$cОпись
$1852
$j202
5171#$aОтчет Дирекции училищ Иркутской губернии за 1860 год. 1860 г
801#0$aRU
$bРГИА
$c20220215
$gRCR
801#1$aRU
$bГлавНИВЦ
$c20220215
$2rusmarc
801#2$aRU
$bПБ им. Б.Н. Ельцина
$c20220630
$gRCR
$2rusmarc
850##$aРГИА
852##$aРГИА
$eФедеральное казенное учреждение "Российский государственный исторический архив" (РГИА)
$j1065
937##$hРГИА
$d12375726
$aASBIBLIO_SCAN
035##$aRusGRCC00039698
856##$uhttp://readingroom.main.prlib.ru/item.aspx?id_node=n176926596&mode=full
Формат отображения